El oficio de vivir (Record no. 116818)

MARC details
000 -LEADER
campo de control de longitud fija 00624nam a2200205 4500
001 - NÚMERO DE CONTROL
campo de control 116818
003 - IDENTIFICADOR DE NÚMERO DE CONTROL
campo de control ES-MaACL
005 - FECHA Y HORA DE LA ÚLTIMA TRANSACCIÓN
campo de control 20250701021849.0
007 - CAMPO FIJO DE DESCRIPCIÓN FÍSICA--INFORMACIÓN GENERAL
campo de control de longitud fija t|
008 - DATOS DE LONGITUD FIJA--INFORMACIÓN GENERAL
campo de control de longitud fija 061121s1980 sp r ||||1| spa d
100 1# - ENTRADA PRINCIPAL--NOMBRE DE PERSONA
Nombre de persona Pavese, Cesare.
9 (RLIN) 89679
245 13 - MENCIÓN DEL TÍTULO
Título El oficio de vivir
Resto del título : ; el oficio de poeta /
Mención de responsabilidad, etc. Cesare Pavese ; traducción de Esther Benítez.
250 ## - MENCION DE EDICION
Mención de edición 1ª ed.
260 ## - PUBLICACIÓN, DISTRIBUCIÓN, ETC.
Lugar de publicación, distribución, etc. Barcelona :
Nombre del editor, distribuidor, etc. Bruguera,
Fecha de publicación, distribución, etc. 1980.
300 ## - DESCRIPCIÓN FÍSICA
Extensión 507 p. ;
Dimensiones 18 cm.
700 1# - ENTRADA AGREGADA--NOMBRE PERSONAL
Nombre de persona Benítez, Esther,
Fechas asociadas al nombre 1937-2001
9 (RLIN) 27600
740 0# - ENTRADA AGREGADA--TÍTULO RELACIONADO/ANALÍTICO NO CONTROLADO
Título relacionado o analítico no controlado El oficio de poeta.
852 ## - LOCALIZACIÓN
Ubicación ES-MaACL
Número de control de estantería C-13509
Sublocalización o colección R.100970
Holdings
Estatus retirado Estado de pérdida Estado de daño No para préstamo Biblioteca de origen Biblioteca actual Ubicación en estantería Fecha de adquisición Fuente de adquisición Total de préstamos Signatura topográfica completa Código de barras Visto por última vez Precio de reemplazo Tipo de ítem Koha
        Biblioteca del Ateneo de Madrid Biblioteca del Ateneo de Madrid Sala Palomar 17/01/2008     C-13509 1121805 23/02/2023 23/02/2023 Libro impreso